| 000 | 00487nam a2200181Ia 4500 | ||
|---|---|---|---|
| 003 | IN-BaIIA | ||
| 008 | 211028s9999 xx 000 0 eng d | ||
| 020 | _a81-7023-578-2 | ||
| 040 | _cIIA Library | ||
| 080 |
_a531.19 _bBHA |
||
| 100 |
_aBhattacharjee, J. K _924852 |
||
| 245 | 0 |
_aStatistical mechanics _ban introductory text _cJ. K. Bhattacharjee |
|
| 260 |
_aNew Delhi _bAllied Publishers _c1996 |
||
| 300 | _ax, 242p. | ||
| 650 | _aMechanics | ||
| 650 | _aStatistics | ||
| 942 | _cBK | ||
| 999 |
_c14122 _d14122 |
||